| 000 | 00704cab a2200241 4500 | ||
|---|---|---|---|
| 001 | ABS55882 | ||
| 008 | 090401t1996 xxu||||| |||| 00| 0 eng d | ||
| 035 | _a(Sirsi) u19405 | ||
| 041 | _aeng | ||
| 100 | _aAnstey, J. | ||
| 245 | 4 | _aThe Party Wall etc Act 1996 | |
| 260 | _c1996 | ||
| 350 | _a0 | ||
| 490 |
_aStructural Survey _v14(3) September 1996, 40-43(4) |
||
| 520 | _aCharts the development of the Part Wall Act 1996 and outlines the main provisions of the Act. | ||
| 650 |
_aBoundary disputes _96221 |
||
| 650 | _aLONDON BUILDING ACTS | ||
| 650 | _aPARTY WALL ETC ACT 1996 | ||
| 650 |
_aParty walls _96258 |
||
| 690 | _aPROPERTY LAW AND PRACTICE | ||
| 942 | _n0 | ||
| 948 | _c04/03/1997 | ||
| 999 |
_c12950 _d12950 |
||